书目信息 |
| 题名: |
电器控制
|
|
| 作者: | 李仁 主编 | |
| 分册: | ||
| 出版信息: | 北京 机械工业出版社 2003 |
|
| 页数: | 178页 | |
| 开本: | 26cm | |
| 丛书名: | ||
| 单 册: | ||
| 中图分类: | TM5 | |
| 科图分类: | ||
| 主题词: | 电器控制系统--高等学校--教材 | |
| 电子资源: | ||
| ISBN: | 7-5019-0950-4 | |
| 000 | 00658nam 2200241 45 | |
| 001 | 0191015363 | |
| 005 | 20061009091836.14 | |
| 010 | @a7-5019-0950-4@dCNY15.00 | |
| 100 | @a19910618d2003 em y0chiy0121 ea | |
| 101 | 0 | @achi |
| 102 | @aCN@b110000 | |
| 102 | @aCN@b110000 | |
| 105 | @ay z 000yy | |
| 200 | 10 | @a电器控制@Adian qi kong zhi@f李仁主编@Fli ren zhu bian |
| 210 | @a北京@c机械工业出版社@d2003 | |
| 215 | @a178页@d26cm | |
| 300 | @a高等学校教材 | |
| 540 | 1 | @a电器 控制@ADIAN QI KONG ZHI |
| 606 | @a电器控制系统@x高等学校@x教材 | |
| 690 | @aTM5 | |
| 701 | 0 | @a李仁@Ali ren@4主编 |
| 801 | 0 | @aCN@bTSSF@c20061009 |
| 905 | @a10447@dTM5@e15 | |
| 电器控制/李仁主编.-北京:机械工业出版社,2003 |
| 178页;26cm |
| 高等学校教材 |
| ISBN 7-5019-0950-4:CNY15.00 |
| ● |
| 相关链接 |
|
|
|
|
正题名:电器控制
索取号:TM5/15
 
预约/预借
| 序号 | 登录号 | 条形码 | 馆藏地/架位号 | 状态 | 备注 |
| 1 | 0484261 | 204842616 | 密集书库/ [索取号:TM5/15] | 在馆 |